Twelfth night (Record no. 7867)
[ view plain ]
| 000 -LEADER | |
|---|---|
| fixed length control field | 00499cam a2200217ua 4500 |
| 001 - CONTROL NUMBER | |
| control field | 8776 |
| 005 - DATE AND TIME OF LATEST TRANSACTION | |
| control field | 20260515114357.0 |
| 008 - FIXED-LENGTH DATA ELEMENTS--GENERAL INFORMATION | |
| fixed length control field | 150218n ii |||gr||||Z||||||eng |
| 020 ## - INTERNATIONAL STANDARD BOOK NUMBER | |
| International Standard Book Number | 0195606159 |
| 040 ## - CATALOGING SOURCE | |
| Transcribing agency | MAIN |
| 041 ## - LANGUAGE CODE | |
| Language code of text/sound track or separate title | eng |
| 082 ## - DEWEY DECIMAL CLASSIFICATION NUMBER | |
| Classification number | 822.33 |
| 100 ## - MAIN ENTRY--PERSONAL NAME | |
| Personal name | Dent, J. C., |
| Relator term | Editor. |
| 245 ## - TITLE STATEMENT | |
| Title | Twelfth night |
| Statement of responsibility, etc. | Edited by J. C. Dent |
| 250 ## - EDITION STATEMENT | |
| Edition statement | 4th. |
| 260 ## - PUBLICATION, DISTRIBUTION, ETC. | |
| Place of publication, distribution, etc. | Calcutta: |
| Name of publisher, distributor, etc. | Oxford, |
| Date of publication, distribution, etc. | 1995. |
| 300 ## - PHYSICAL DESCRIPTION | |
| Extent | 158p. |
| 653 ## - INDEX TERM--UNCONTROLLED | |
| Uncontrolled term | English drama |
| 653 ## - INDEX TERM--UNCONTROLLED | |
| Uncontrolled term | Shakespeare drama |
| 942 ## - ADDED ENTRY ELEMENTS (KOHA) | |
| Koha item type | Books |
| Withdrawn status | Lost status | Damaged status | Not for loan | Home library | Current library | Shelving location | Date acquired | Total checkouts | Full call number | Barcode | Date last seen | Copy number | Price effective from | Koha item type | Date last checked out |
|---|---|---|---|---|---|---|---|---|---|---|---|---|---|---|---|
| Naharkatiya College Library | Naharkatiya College Library | General stacks | 09/19/2020 | 822.33 | TWE | 4401 | 09/19/2020 | 4 | 09/19/2020 | Books | ||||||
| Naharkatiya College Library | Naharkatiya College Library | General stacks | 09/19/2020 | 822.33 | TWE | 4402 | 09/19/2020 | 2 | 09/19/2020 | Books | ||||||
| Naharkatiya College Library | Naharkatiya College Library | General stacks | 09/19/2020 | 822.33 | TWE | 4512 | 09/19/2020 | 5 | 09/19/2020 | Books | ||||||
| Naharkatiya College Library | Naharkatiya College Library | General stacks | 09/19/2020 | 822.33 | TWE | 4513 | 09/19/2020 | 1 | 09/19/2020 | Books | ||||||
| Naharkatiya College Library | Naharkatiya College Library | General stacks | 09/19/2020 | 822.33 | TWE | 4514 | 09/19/2020 | 3 | 09/19/2020 | Books | ||||||
| Naharkatiya College Library | Naharkatiya College Library | General stacks | 09/19/2020 | 822.33 | TWE | 4515 | 09/19/2020 | 6 | 09/19/2020 | Books | ||||||
| Naharkatiya College Library | Naharkatiya College Library | General stacks | 09/19/2020 | 4 | 822.33 | TWE | 4593 | 05/29/2023 | 7 | 09/19/2020 | Books | 03/16/2023 | ||||
| Naharkatiya College Library | Naharkatiya College Library | General stacks | 09/19/2020 | 822.33 | TWE | 6055 | 09/19/2020 | 8 | 09/19/2020 | Books |